Centroamérica, México y República Dominicana
Gardado en:
| Formato: | Texto |
|---|---|
| Publicado: |
México:
IFE. FCE
|
| Materias: | |
| Etiquetas: |
Engadir etiqueta
Sen Etiquetas, Sexa o primeiro en etiquetar este rexistro!
|
MARC
| LEADER | 00000 a a2200000 04500 | ||
|---|---|---|---|
| 001 | 30578 | ||
| 003 | |||
| 040 | |||
| 020 | |a 968-16-6867-7 | ||
| 090 | |a 195217 | ||
| 245 | |a Centroamérica, México y República Dominicana | ||
| 260 | |a México: |b IFE. FCE | ||
| 300 | |a 772 p.; vol. 3 |b gráficas | ||
| 650 | |a PARTIDOS POLITICOS | ||
| 650 | |a HISTORIA POLITICA | ||
| 650 | |a IDEOLOGIAS POLITICAS | ||
| 650 | |a FINANCIAMIENTO | ||
| 650 | |a ELECCIONES | ||
| 650 | |a ESTRUCTURA ORGANIZACIONAL | ||
| 650 | |a PODER POLITICO | ||
| 650 | |a LIDERAZGO POLITICO | ||
| 650 | |a GOBIERNO MILITAR | ||
| 650 | |a DICTADURA | ||
| 650 | |a GUERRA CIVIL | ||
| 650 | |a GUERRILLA | ||
| 650 | |a CRIMENES DE GUERRA | ||
| 650 | |a GRUPOS RELIGIOSOS | ||
| 650 | |a IDEOLOGIAS POLITICAS | ||
| 650 | |a ELECCIONES | ||
| 999 | |c 9383 |d 9383 | ||



